| 000 | 00927nam a22002657a 4500 | ||
|---|---|---|---|
| 005 | 20170206112412.0 | ||
| 010 | _a1617EN ENG-116814 | ||
| 020 |
_a9788126558728 _c749.00 |
||
| 035 | _a1617EN | ||
| 035 | _aB-650814-819 | ||
| 035 | _aEN-100346 | ||
| 037 | _bBSB | ||
| 037 | _bDBAD/PUB | ||
| 082 | _a658.1599 | ||
| 100 | _aShapiro,Alan C. | ||
| 245 |
_aInternational Financial Management / _cby Alan C. Shapiro, Peter Moles [and] Jayanta Kumar Seal |
||
| 260 |
_c2016 _aNew Delhi _bJohn Wiley |
||
| 270 |
_a4435-36/7, Ansari Road,Daryaganj _bNew Delhi _e110002 |
||
| 300 |
_c24cm(pbk) _axxviii,716p _bill. |
||
| 500 | _aincludes index | ||
| 700 | _aPeter Moles | ||
| 700 | _a Jayanta Kumar Seal | ||
| 942 |
_cEN _2ddc _h658.1599 _mSHA |
||
| 999 |
_c101867 _d101867 |
||